000 00579nam a2200205Ia 4500
005 20250508154440.0
008 008 250505s9999 xx 000 0 eng d
037 _aTextual
040 _aFEDL
_beng
_cFEDL
041 _aeng
_2eng
084 _a150, JAM
_qFEDL
100 _aJames William
245 0 _aTalks to teachers on psychology and to students on some of life's ideals
260 _aNew York, USA
_bDover Publication
_c1962
300 _a146p.
365 _aINR
_b5.25
650 _aPsychology
942 _cTEXL
_h150, JAM
999 _c1350312
_d1350312